000 00356 a2200169 4500
001 192264
020 _a85-322-4526-9
040 _cMagnum
100 _aKupstas, Marcia
240 1 0 _aÉ preciso lutar!
_lpor
245 1 0 _aÉ preciso lutar!
300 _a95
362 0 _a2000
440 1 _aFTD
697 _aLITERATURA INFANTO-JUVENIL
942 _cBK
999 _c192264
_d192264